Comprensión de narraciones en niños de 5 y 6 años: Efectos de la memoria de trabajo verbal y la atención sostenida (Record no. 207815)
[ view plain ]
| 000 -CABECERA | |
|---|---|
| campo de control de longitud fija | 02747cab a2200325 a 4500 |
| 005 - FECHA Y HORA DE LA ÚLTIMA TRANSACCIÓN | |
| campo de control | 20221124063827.0 |
| 008 - ELEMENTOS DE LONGITUD FIJA--INFORMACIÓN GENERAL | |
| campo de control de longitud fija | 991125c2020 ag zr p o 000 0 spa d |
| 035 ## - NÚMERO DE CONTROL DEL SISTEMA | |
| Número de control de sistema | UPN01000235720 |
| 040 ## - FUENTE DE LA CATALOGACIÓN | |
| Centro catalogador/agencia de origen | MX-MxUPN |
| Lengua de catalogación | spa |
| Normas de descripción | aacr2 |
| 049 ## - COLECCIÓN | |
| Colección | ART-E |
| 100 1# - ASIENTO PRINCIPAL--NOMBRE PERSONAL | |
| Nombre de persona | Barreyro, Juan Pablo |
| 100 1# - ASIENTO PRINCIPAL--NOMBRE PERSONAL | |
| Nombre de persona | Formoso, Jesica |
| 100 1# - ASIENTO PRINCIPAL--NOMBRE PERSONAL | |
| Nombre de persona | Alvarez Drexler, Andrea |
| 100 1# - ASIENTO PRINCIPAL--NOMBRE PERSONAL | |
| Nombre de persona | Leiman, Marina |
| 100 1# - ASIENTO PRINCIPAL--NOMBRE PERSONAL | |
| Nombre de persona | Fernández, Rocio |
| 100 1# - ASIENTO PRINCIPAL--NOMBRE PERSONAL | |
| Nombre de persona | Calero, Alejandra |
| 245 00 - MENCIÓN DE TÍTULO | |
| Título | Comprensión de narraciones en niños de 5 y 6 años: Efectos de la memoria de trabajo verbal y la atención sostenida |
| Medio | [recurso electrónico en línea] |
| 506 0# - NOTA DE RESTRICCIONES AL ACCESO | |
| Limitaciones de acceso | Acceso abierto |
| 520 3# - NOTA DE RESUMEN, ETC. | |
| Sumario, etc. | Comprender un texto es una actividad cognitiva compleja que implica la construcción de una representación mental coherente en la memoria. Un proceso importante para ello es la generación de inferencias. La memoria de trabajo ha mostrado ser un factor cognitivo importante para explicar las diferencias en comprensión e inferencias, al igual que la capacidad de sostener la atención. El propósito del presente trabajo consiste en estudiar la relación entre la memoria de trabajo y la atención sostenida en la comprensión de narraciones en niños de 5 y 6 años. Para ello, se trabajó con una muestra de 100 niños, quienes escucharon tres textos narrativos y respondieron preguntas acerca de su contenido literal e inferencial, y además realizaron dos pruebas de memoria de trabajo y una de atención sostenida. Los resultados indican que los niños de 6 años muestran desempeños mejores y significativos en la comprensión de información literal y en la respuesta a preguntas de inferencia que los niños de 5 años. Además, el análisis de correlación mostró que las medidas de comprensión se hallan vinculadas a medidas de atención sostenida y a medidas de memoria de trabajo. El análisis de senderos sugiere que, en niños de 5 y 6 años, las mejoras logradas en la comprensión general como producto de la edad están mediadas, en parte, por la capacidad del niño para mantener la atención en la narración y almacenar temporalmente la información recibida en la memoria de trabajo mientras la escucha. |
| 650 #2 - ASIENTO SECUNDARIO DE MATERIA - TERMINO TEMATICO | |
| Término de materia o nombre geográfico como elemento de entrada | Comprensión |
| 9 (RLIN) | 7541 |
| 650 #2 - ASIENTO SECUNDARIO DE MATERIA - TERMINO TEMATICO | |
| Término de materia o nombre geográfico como elemento de entrada | Niños |
| 9 (RLIN) | 18906 |
| 653 0# - TERMINO DE INDIZACION - NO CONTROLADO | |
| Término no controlado | Narrativa |
| 653 0# - TERMINO DE INDIZACION - NO CONTROLADO | |
| Término no controlado | Memoria de trabajo |
| 653 0# - TERMINO DE INDIZACION - NO CONTROLADO | |
| Término no controlado | Atención sostenida |
| 773 ## - ENLACE AL DOCUMENTO FUENTE/ENTRADA DE REGISTRO ANFITRIÓN | |
| Parte(s) relacionada(s) | Vol. 37, no. 1 (2020) p. 259-273 |
| Título | Interdisciplinaria : revista de psicología y ciencias afines |
| Número Internacional Normalizado para Publicaciones Seriadas | 1668-7027 |
| 856 40 - LOCALIZACIÓN Y ACCESO ELECTRÓNICOS | |
| Identificador Uniforme del Recurso | <a href="http://www.ciipme-conicet.gov.ar/ojs/index.php?journal=interdisciplinaria&page=article&op=view&path%5B%5D=407&path%5B%5D=html">http://www.ciipme-conicet.gov.ar/ojs/index.php?journal=interdisciplinaria&page=article&op=view&path%5B%5D=407&path%5B%5D=html</a> |
| 856 40 - LOCALIZACIÓN Y ACCESO ELECTRÓNICOS | |
| Identificador Uniforme del Recurso | <a href="https://doi.org/10.16888/interd.2020.37.1.16">https://doi.org/10.16888/interd.2020.37.1.16</a> |
| Nota pública | Consultar articulo completo |
| 905 ## - TIPO DE MATERIAL | |
| Tipo de material | Articulo |
| 942 ## - ELEMENTOS DE PUNTO DE ACCESO ADICIONAL (KOHA) | |
| Tipo de ítem Koha | Artículo Electrónico |
| Estado de retiro | Estado de pérdida | Estado dañado | No para préstamo | Código de colección | Localización permanente | Ubicación/localización actual | Ubicación en estantería | Fecha de adquisición | Fecha visto por última vez | Identificador Uniforme del Recurso | Tipo de ítem Koha |
|---|---|---|---|---|---|---|---|---|---|---|---|
| Acceso abierto | Bib. Gregorio Torres Quintero | Bib. Gregorio Torres Quintero | En línea | 16/08/2022 | 16/08/2022 | https://doi.org/10.16888/interd.2020.37.1.16 | Artículo Electrónico |
